00393 a2200157 4500003000400000005001700004008004100021020001800062040000900080082002000089100001800109245004300127250001200170260004300182300001000225OSt20240207135004.0240207b |||||||| |||| 00| 0 eng d a9789395281485 coclc a894.8129bSUR/A aSurendran, P  aAnubhavam orma yathra /c P. Surendran a2nd ed. aKozhikode:bOlive Publications,c2022. a185p.